MDQL
is popping MORE tags! Check the
thread
!
Quizzes
Events
Quiz Creation
Community
Videos
Private Events
Remove Ads
Sign In
Join for FREE
Feedback
Dark Mode
Quiz Categories
Sports
Geography
Music
Movies
Television
Just For Fun
Miscellaneous
History
Literature
Language
Science
Gaming
Entertainment
Religion
Holiday
For Kids
Quiz Lab
Recent
Popular Today
Quiz Kudos Today
Editor Picks
Curator Picks
Quizzes by...
Day
Popularity
Type
Ratings
Length
Year
Community
Subscriptions
Recent Discussions
Orange Saloon
Badges
Playlists
Quests
Create
Leaderboards
Showdown
Live 5
Trivia Bingo
Activity
Puzzle Library
Sporcle Events
Private Events
Virtual Trivia
Globe League
Become a Host
Pub Owners
SporcleCon
Opinionation
Our Games
Videos
Blog
Mobile Apps
Partnerships
Remove Ads and Go Orange
Feedback
Television
TV Characters
TV Show
Sitcom
Network
Friends
Reality Shows
Cast
South Park
Star Trek
The Simpsons
Doctor Who
Television
TV Characters
TV Show
Sitcom
Network
Friends
Reality Shows
Cast
South Park
Star Trek
The Simpsons
Doctor Who
Random Quiz
Search Sporcle
×
Quiz Lab
Quiz Lab
Television
Quote
Type in answers that appear in a list
Type in answers that appear in a list
Classic
Best Score? Go Orange.
Supernatural Quotes Challenge Stats
Can you name the episodes that match these Supernatural quotes?
By
lng93590
20m
126 Questions
527 Plays
527 Plays
527 Plays
Comments
Comments
Give Quiz Kudos
Give Quiz Kudos
-
- Ratings
hide this ad
Forced Order
Answers have to be entered in order
Answers have to be entered in order
Random Order
Randomize order of answers
Randomize order of answers
Replay
Link that replays current quiz
Next Quiz
Link to next quiz in quiz playlist
You Got
0%
They Got
Avg Score
58%
Avg Friend Score
Upgrade to see
Score Distribution
Jump to the score distribution portion of the page
Score
0/126
Timer
20:00
0
Plays Today
Quote
Episode
% Correct
So you found some beetles, in a hole, in the ground. That's shocking, Sam!
Bugs
82.2%
I'm not gonna die in a hospital where the nurses aren't even hot.
Faith
81.2%
Are we..... Should we..... Are we gonna kill this teddy bear?!
Wishful Thinking
79.7%
Hey, ass-
butt!
Swan Song
79.5%
I think he wants us to pick up where he left off, you know, saving people, hunting things, the family business.
Wendigo
79.3%
But... me and Kali, we, uh... had a thing. Chick was all hands.
Hammer of the Gods
79.3%
Man, I think I'm allergic to our soap or something.
Hell House
78%
Dean, what do you think you're doing? This is a very serious investigation. We don't have time for you're blah-
blah-
blah-
blah.
Tall Tales
78%
Wow! This is a lot of dolls. They're nice...They're not super creepy at all.
Playthings
77.8%
This is the car of a lifetime. Trust me, this thing's still going to be badass when it's forty.
In The Beginning
77.6%
Okay. Uh, well, did you try turning it off and then on? Okay, go ahead and turn it off. No no no, just, just off. All right, give it a second. Turn it back on. Is it printing now?
It's A Terrible Life
77.6%
That God-
awful Celine Dion song made me want to smite myself.
My Heart Will Go On
76.7%
I had to break into the principal's office to get this. Oh, and FYI, three of the cheerleaders are legal. Guess which ones.
After School Special
76.5%
Sweetheart, if this is our last night on Earth, I'm going to spend it with a little thing I call self-
respect.
Abandon All Hope...
76.5%
Your, uh, ultimate hero was not only a short man in diapers, but he was a fruitarian?
Fallen Idols
75.7%
My daddy shot your daddy in the head...
Born Under a Bad Sign
75.1%
What the hell are we gonna do with it? We can’t actually drop it off at an orphanage. They might get upset when it turns Asian.
Two and A Half Men
74.6%
Boy, you see me sawin' some bony tramp in half? You think I'm a magician? I may be able to read thoughts and sense energies in a room but I can't just pull facts outta thin air!
Home
74.4%
If you ask me, we're doing the art world a favor.
Provenance
73.8%
That was for our mom, you son of a bitch.
All Hell Breaks Loose Part 2
73.8%
Dude, you fugly...
Scarecrow
73.6%
Those are real. Obviously. I mean, who would pretend to be an FBI agent, huh? That's just nutty.
Yellow Fever
73.4%
Come on, you still burst out crying when you see Ronald McDonald on the television!
Everybody Loves a Clown
73.2%
SAM: Hey, Dad, whatever happened to that college fund? JOHN: Spent it on ammo.
Dead Man's Blood
72.7%
You're invited too, Grumpy.
Lazarus Rising
72.7%
I know what an EMF meter is, but why does that one look like a busted up walkman?
Phantom Traveler
72.3%
Dude, I believe that he-
witch gave you the clap.
The Curious Case of Dean Winchester
71.9%
Only b*tches send a grown up.
The Kids Are Alright
71.7%
Dude, could you be more gay?
Bedtime Stories
71.5%
So, crayons are more your thing. That's cool, chicks dig artists.
Dead in the Water
71.3%
Is there garlic on this pizza?
Monster Movie
71%
I don't know, I'll find some hoodoo priest and lay some mojo on him.
In My Time of Dying
70.8%
Oh, John, please – mind your blood pressure.
Salvation
70.2%
I’m sitting like this so you’ll look at my breasts. I just bought them. I need a lot of attention.
You Can't Handle The Truth
70.2%
Let me tell you, whoever said Dean was the dysfunctional one, has never seen you with a sharp object in your hands.
Mystery Spot
69.8%
DEAN: I mean, you had, you had, like a deck of cards and a wand. SAM: Dude, I was thirteen. It was a phase.
Criss Angel Is A Douchebag
69.8%
Is it customary to wear a blanket?
Frontierland
69.8%
No, not really. We have guns and we'll find you.
The Real Ghostbusters
69.4%
Like Greek myth sirens? The Odyssey? ...Hey, I read.
Sex and Violence
69.3%
Sam, get a load of the rims on you!
Changing Channels
68.5%
So, they lock you up with a case of the crazies, when really you're just tuning into angel radio?
I Know What You Did Last Summer
68.1%
You’re the one who pizza rolled Tinkerbell.
Clap Your Hands If You Believe
68.1%
Quote
Episode
% Correct
My best friend... and my best sister!
Ghostfacers
67.4%
You're not gonna bust out the misty goodbye speech, okay? I mean, if this is my last day on Earth, I do not want it to be socially awkward.
No Rest For the Wicked
67.4%
It actually means, 'You, um, breed with the mouth of a goat.'
99 Problems
67%
All right, but first I wanna find that handsome devil and kick the holy crap out of him.
Skin
66.8%
Okey-
dokey, wood chipper. That pretty much trumps everything.
Weekend At Bobby's
66.8%
I suppose it can stay... I like the pizza.
Two Minutes To Midnight
65.8%
Sam, next time you wanna get laid... try to find a girl that's not so buckets of crazy.
Shadow
65.1%
No, he's just kidding. We only came here to watch.
A Very Supernatural Christmas
64.7%
I just remembered that when I was a kid I swallowed like 8 things of Pop Rocks and then drank a whole can of Coke. You don't think that counts as a suicide attempt, do you?
Hunted
63.9%
Well, I usually like to be warned before I'm violated with demon tongue.
Crossroad Blues
63.8%
I'll just... wait here then.
The End
63.8%
Well, if you're gonna ride me this close it's only decent that you buy me dinner.
No Exit
63.6%
He’s watching her sleep. How is that not rapey?
Live Free Or Twihard
63.4%
Yeah? You ever see exploding eyeballs?
Bloody Mary
63%
Sam? Is it really you? And you're so firm!
Sympathy For The Devil
62.6%
Sooner or later, He's going to come back home, and you know how He is with that whole... wrath... thing
Dark Side of the Moon
62.6%
These are not the droids you're looking for.
Simon Said
61.3%
Dude, I'm not going to do Fight Club with a 12-
year-
old.
Death Takes a Holiday
61.1%
DEAN: I told him you were a dumbass pledge and that we were hazing you. SAM: And he believed you? DEAN: Well, you do look like a dumbass pledge.
Hookman
60.5%
So the daddy was the babydaddy too?
Family Remains
59.8%
Is that the girl with the haunted kidney? Just when you think you’ve seen it all.
Mannequin 3: The Reckoning
59.2%
DEAN: I mean, I don't like gettin' singled out at birthday parties, much less by God. SAM: Okay, well, too bad, Dean. Because I think He wants you to strap on your party hat.
Are You There God It's Me Dean Winchester
59%
Crazy's in there. And I just hung up on it.
Nightshifter
58.8%
You know what else isn't good for group? A monster eating all our faces off!
Sam Interrupted
58.3%
Did you almost shoot a Yorkie?
Exile On Main Street
58.1%
BOBBY: Since when did you get a pacemaker? RUFUS: Since Bush Junior, term one. I’m down three toes too, FYI.
...And Then There Were None
58.1%
I always wanted to be a fireman when I grew up.
Devil's Trap
57.9%
SAM: What the hell happened to him? CASTIEL: Me
Point of No Return
56.9%
KATHERINE: Why would anyone want a job like that? SAM: I had a crappy guidance counselor.
Asylum
56.7%
What are you, the hamburglar?
My Bloody Valentine
56%
Sniffing people’s butts? Yeah, that’s a real step up.
All Dogs Go To Heaven
56%
What the hell is wrong with you? You don’t just go around shooting people like that!
Bad Day at Black Rock
55.8%
They burned down my house. They ate my tailor!
The Devil You Know
55.6%
It frustrates me when you say such reckless things.
The Monster At The End Of This Book
54.8%
Sam: [quoting] 'I was sleepin' with my peepers open.'
Something Wicked
54.6%
DEAN: [holds up spoon to Sam] Bend this.
Nightmare
54.1%
You try exorcising all night, see how you feel.
The Magnificent Seven
54.1%
Last time you zapped me someplace I didn't poop for a week!
Free To Be You And Me
53.9%
Honestly that thought hadn't occurred to me...
Route 666
53.5%
Master chief is in the house, biz-
atches!
Swap Meat
53.1%
Now it just looks like you’re pooping.
Mommy Dearest
53.1%
That's my favorite Godzilla movie. It's so much better than the original, huh? He likes the remake...
The Benders
52.9%
Quote
Episode
% Correct
Do you think it's because we're so awesome? I think it's because we're so awesome.
Jus In Bello
52.9%
I said stop firing! That usually means, stop firing.
Good God Y'all
52.6%
CROWLEY: What's in the bag? CASTIEL: You are.
Caged Heat
52.4%
Well, yeah, I figured you were more her type, she had pretty crappy taste in guys....
Children Shouldn't Play With Dead Things
52.2%
Dean, always with the scissors...
Heart
52.2%
Ohh... know how I can tell? That perky little ass of yours. You could bounce a nickel off that thing! Of course I know it's you, Grumpy.
Heaven and Hell
51%
Dean, you sure you don't want me to drive? You... you seem a little... caffeinated.
Dream a Little Dream of Me
50.7%
Dude, I'm not enabling your sick habit. You're like one of those lab rats that pushes the pleasure button instead of the food button until it dies.
Houses of the Holy
50.5%
Dear Castiel, who art maybe running his ass away from Heaven, we pray that you have your ears on. Breaker, breaker?
The French Mistake
50.3%
We talking, like, misdemeanor kind of trouble? Or 'squeal like a pig' kind of trouble?
Pilot
50.1%
Sam loves research. He does. He keeps it under his mattress, right next to his KY. It's a sickness, it is.
Metamorphosis
49.3%
Shut your painted hole, Renee.
Malleus Maleficarum
49.1%
You guys don't walk enough. You're gonna get flabby.
On The Head Of A Pin
49.1%
Hey, Sam remind me to beat that buzzkill out of you later.
Bloodlust
48.6%
Now I lay me down to sleep, I pray to Castiel to get his feathery ass down here.
The Third Man
47.6%
Am I the only gamepiece on the board who doesn’t underestimate those denim-
wrapped nightmares?!
The Man Who Would Be King
45%
What's up with toothless? Cavity creeps get ahold of him?
I Believe the Children Are Our Future
44.4%
I don't understand that reference.
The Song Remains The Same
41%
SAM: There's probably still a sandwich in the back seat. DEAN: It's tuna.
Jump The Shark
40.8%
This is a vessel. My true form is approximately the size of your Chrysler Building.
Family Matters
40.8%
Trench coat. Looks like Columbo, talks like Rain Man.
Let It Bleed
40.6%
Well, it won’t kill demons by then, but I can promise it’ll kill you!
Sin City
40.4%
I am on call, in my car, on my way to murder the b*tch.
When The Levee Breaks
39.1%
But our working theory was that we're looking for some kind of Vengeful Spirit, you know, Casper, the bloodthirsty ghost.
The Usual Suspects
38.9%
It smells like old lady in here.
Roadkill
38.3%
You rocks think you’re so smart.
Like A Virgin
38.3%
SAM: This is the dumbest thing you've ever done. DEAN: I don't know about that. Remember that waitress in Tampa?
Croatoan
37.8%
I may have been born at night, boy, but it wasn’t last night.
Appointment In Samarra
37.2%
She just cougar-
eyed you.
Unforgiven
36.6%
Whoa, whoa. Kamikaze? I'm more like a ninja.
Fresh Blood
36.4%
You can take your peace, and shove it up your lily-
white ass.
Lucifer Rising
36.1%
Hey man I'll try anything once, but I don't know, that sounds uncomfortable.
Time Is On My Side
35.5%
Dark, evil crap and lots of it. They follow him around like a friggin' Pied Piper.
It's The Great Pumpkin Sam Winchester
35.3%
No, I'm pretty sure. Like, 90 percent sure. But I'm sure enough...
What is and What Should Never Be
34.9%
You mind slowing down? You're gonna give me angina.
The Rapture
34.5%
Would you look at that? I'm freaking velvety smooth.
Folsom Prison Blues
32.6%
There's an afterlife all right. But mostly it's a pain in the ass.
Hollywood Babylon
30.6%
You're so damaged.
Red Sky At Morning
28.1%
You seem even more constipated than usual. Maybe get you some Colon Blow?
The Man Who Knew Too Much
28.1%
I'm making this stuff up as I go. Sue me.
Dead Men Don't Wear Plaid
27.1%
I see they improved your face.
Long Distance Call
26.9%
Crazy is relative.
All Hell Breaks Loose Part 1
21.1%
Quiz Playlist
Details
Report
Send in Message
Add To Playlist
Classic:
Type in answers that appear in a list
Forced Order:
Answers have to be entered in order
Random Order:
Randomize order of answers
Last Updated: Feb 16, 2017
Quiz Scoreboard
CHALLENGE
Sign Up to Join the Scoreboard
Show All
Scores
Hide
Comments
May contain spoilers
Recently Published
1-10 Letter E Words III
by El_Dandy
Language
2m
Street Fighter Characters
by Artimus82
Gaming
60s
College Basketball Coaching Resumes
by pancakes188
Sports
9m
More to Explore
Quiz From the Vault
Featured Blog Post
Where Did the Easter Bunny Come From?
hide this ad
You Might Also Like...
Tags
Quote Quiz
challenge
episode
Matching
Supernatural
Today's Top Quizzes in Television
Browse Television
hide this ad
Today's Top Quizzes in Quote
Browse Quote
Top Contributed Quizzes in Television
1
5-to-1: The Simpsons Families
2
Adjectives in 80s TV Shows
3
Adjectives in 00s TV Shows
4
Survivor Journey Challenge
5
5-to-1: Television Doctors
6
7-to-1: TV Show Settings
7
Adjectives in 10s TV Shows
8
5-to-1: Streaming Originals
9
Survivor Seasons
10
Adjectives in 70s TV Shows
Explore More
Trending Topics
Harry Potter
Kpop
Crossword
Disney
Marvel
NBA
Anime
Pokémon
The Office
Song
NFL
WWE
Soccer
Country
Puzzle
hide this ad
More By:
lng93590
Quiz
Plays
Rating
Category
Featured
Created
Supernatural Quotes Challenge
527
4.67
Television
Jun 4, 2011
UCM Microbiology Diseases
300
Science
Apr 29, 2011
UCM Microbiology Vaccines
48
1.00
Science
Apr 28, 2011
Go to Creator's Profile
Score Distribution
Quiz Creator Spotlight
lng93590
Follow
Send a Message
Quizzes Created
-
Created Quiz Play Count
-
More By This Creator
Popular Quizzes Today
1
Find the US States - No Outlines Minefield
2
Find the Countries of Europe - No Outlines Minefield
3
The Countries of the World
4
Find the US States
5
Risky Map Clicking: Biggest States A-Z
6
US States
7
Popular People in 1961
8
Movies - When Are They Set?
More Television Quizzes
Finish the Line: The Big Bang Theory S2 Ep 3-6
Quiz Lab
Trending Quizzes
Risky Map Clicking: Least Populous States A-Z
Billboard Blitz: Aretha Franklin
Famous Russians: Author or Composer?
1-10 Letter G Words
Countries of the World: 200 Million BC
Recently Updated
Leaping Animals
pecheneg
Reality TV Shows (A-Z)
bhenderson79
Rickey Henderson's Hall of Fame Teammates
pecheneg
Champions League XIs: Arsenal
pecheneg
Quick Pick: Celebrities in WWE's Hall of Fame
aduchscher
A-Z Keypad Blitz II
pecheneg
Multiple Oscar Actors
pecheneg
Mystery Phrase Blitz: Oscar 'Best Actors'
pecheneg
F. Scott Fitzgerald Novels
LTH
Pick 3 Villains
ddd62291
Trending Topics
Anime
Marvel
Crossword
NBA
Kpop
Harry Potter
Disney
Soccer
The Office
Song
Pokémon
Country
Puzzle
NFL
WWE
Your Account Isn't Verified!
In order to create a playlist on Sporcle, you need to verify the email address you used during registration. Go to your
Sporcle Settings
to finish the process.
Report this User
Report this user for behavior that violates our
Community Guidelines
.
Details:
Send Report
Go to the Sporcle.com Mobile Site →
Comments